00663nam a2200241 a 4500001001300000003000900013005001700022008004100039020000900080082001600089100001800105245001700123260004500140300000800185500003500193505001000228650002100238700001800259902000800277942000700285952011400292999001500406nice12345678IN_TiNIC20260116011851.0050524s1978 newa grp 000 0 eng  ac9500a954.91bKUM aKumar, Satish aNew Pakistan aNew DelhibVikas Publication Housec1978 a387 aincludes index and biblioraphy2 aIndex aPakistan-History1 aKumar, Satish bSRS cBK 001040708StackRoom-aHMIbHMId2007-04-12g95.00l0o954.91 KUMp09040r2007-04-12v95.00w2005-05-24yBK c4563d4563